Word Ladder: Home Run Kings Quiz Stats

 Plays Quiz Updated Feb 25, 2015

Challenge
Share
Tweet
Embed
Score 0/16 Timer 03:00
0 Plays Today
Clue 4-Letter Word % Correct
Algebra and calculusMATH
97.7%
Civil Rights hero ParksROSA
96.3%
Bug attracted to lightsMOTH
95.9%
Papa's mateMAMA
95.6%
★ Babe who's #3 on the All-Time HR List ★RUTH
94.6%
Like reddish cheeks in the winterROSY
93.6%
Phillip who wrote 'Portnoy's Complaint'ROTH
91.3%
Angelou of 'I Know Why the Caged Bird Sings'MAYA
90%
Clue 4-Letter Word % Correct
★ Sammy who's #7 on the All-Time HR List ★SOSA
88.5%
★ Willie who's #4 on the All-Time HR List ★MAYS
87.2%
Wilander of tennisMATS
86%
Where to see Picassos in NYMOMA
79.8%
Sly, sexy or vulpineFOXY
77%
'Avalon' band, ___ MusicROXY
77%
'Brave New World' hallucinogenSOMA
74.5%
★ Jimmie who's #17 on the All-Time HR List ★FOXX
65.8%

Today's Daily Dose

You're not logged in!

Compare scores with friends on all Sporcle quizzes.
Join for Free
OR
Log In

You Might Also Like...

Show Comments

Extras

Top Quizzes Today


Score Distribution

Your Account Isn't Verified!

In order to create a playlist on Sporcle, you need to verify the email address you used during registration. Go to your Sporcle Settings to finish the process.

Report this User

Report this user for behavior that violates our Community Guidelines.

Details: